书目信息 |
| 题名: |
是一次新革命的前夕吗?
|
|
| 作者: | 莱昂哈德 著 ;陈恕林 , 张连根 译 | |
| 分册: | ||
| 出版信息: | 北京 商务印书馆 1980.03 |
|
| 页数: | 491页 | |
| 开本: | 19cm | |
| 丛书名: | ||
| 单 册: | ||
| 中图分类: | D1 | |
| 科图分类: | ||
| 主题词: | 国际共产主义运动 | |
| 电子资源: | ||
| ISBN: | ||
| 000 | 00859nam0 2200241 45 | |
| 001 | 0302250934 | |
| 005 | 20040429144819.5 | |
| 010 | @dCNY1.25 | |
| 091 | @a3017.253 | |
| 100 | @a20030225d1980 km y0chiy0120 ea | |
| 101 | 0 | @achi |
| 105 | @a z 000yy | |
| 200 | 1 | @a是一次新革命的前夕吗?@AShi Yi Ci Xin Ge Ming De Qian Xi Ma?@e关于苏联共产主义的研究@EGuan Yu Su Lian Gong Chan Zhu Yi De Yan Jiu@f(西德)沃尔夫冈·莱昂哈德著@F(Xi De)Wo Er Fu Gang·Lai Ang Ha De Zhu@g陈恕林等译@g张连根校 |
| 210 | @a北京@c商务印书馆@d1980.03 | |
| 215 | @a491页@d19cm | |
| 517 | @a关于苏联共产主义的研究@AGuan Yu Su Lian Gong Chan Zhu Yi De Yan Jiu | |
| 606 | 0 | @a国际共产主义运动 |
| 690 | @aD1@v3 | |
| 701 | 0 | @a莱昂哈德@4著 |
| 702 | 0 | @a陈恕林@AChen Shu Lin@4译 |
| 702 | 0 | @a张连根@AZhang Lian Gen@4校 |
| 801 | @aCN@bTSTC@c20030225 | |
| 905 | @dD1@e1@f2@b32828-829 | |
| 是一次新革命的前夕吗?:关于苏联共产主义的研究/(西德)沃尔夫冈·莱昂哈德著/陈恕林等译/张连根校.-北京:商务印书馆,1980.03 |
| 491页;19cm |
| ISBN :CNY1.25 |
| ● |
| 相关链接 |
|
|
|
|
正题名:是一次新革命的前夕吗?
索取号:D1/1
 
预约/预借
| 序号 | 登录号 | 条形码 | 馆藏地/架位号 | 状态 | 备注 |
| 1 | 0032828 | 001011826 | 第一借阅区/ [索取号:D1/1] | 在馆 | |
| 2 | 0032829 | 001011835 | 第一借阅区/ [索取号:D1/1] | 在馆 | |
| 3 | 0032830 | 001754186 | 密集书库/ [索取号:D1/1] | 在馆 |